• 首页
  • 本馆介绍
  • 公告通知
  • 最新文献
  • 馆藏检索
  • 电子资源
  • 读者导购
  • 参考咨询
  • 我的图书馆
  • 登录
  • 详细信息显示
  • 放入我的书架
  • 预约/预借图书
  • 作者相关作品
  • 分类相关作品
  • 丛书相关作品
  • 出版社相关作品

书目信息

  • 表格格式
  • 工作单格式
  • 卡片格式
题名:
克里希那穆提传
    
 
作者: 贾亚卡尔 著 ;胡因梦 译
分册:  
出版信息: 深圳   深圳报业集团出版社  2007
页数: 12,488页
开本: 23cm
丛书名:
单 册:
中图分类: B351.5
科图分类:
主题词: 哲学家--传记--印度--现代 , 哲学家
电子资源:
ISBN: 978-7-80709-128-8
000 01036nam0 2200277 45
001 1360583452
005 20130531100030.54
010    @a978-7-80709-128-8@dCNY58.00
100    @a20130513d2007 em y0chiy50 ea
101 1  @achi@cinc
102    @aCN@b440000
105    @aa z 000yb
106    @ar
200 1  @a克里希那穆提传@AKe Li Xi Na Mu Ti Chuan@f(印)普普尔·贾亚卡尔(Pupul Jayakar)著@F( Yin ) Pu Pu Er· Jia Ya Ka Er (Pupul Jayakar) Zhu@g胡因梦译
210    @a深圳@c深圳报业集团出版社@d2007
215    @a12,488页@c照片@d23cm
312    @a封面英文题名:J. Krishnamurti: a biography
330    @a本书分为六部分,内容包括:年轻的克里希那穆提、克里希娜穆提、教诲的明朗化、洞见之河、改变的地平线等。
510 1  @aJ. Krishnamurti: a biography@zeng
606 0  @a哲学家@x传记@y印度@z现代
606 0  @a哲学家
690    @aB351.5@v5
701  0 @c(印)@a贾亚卡尔@AJia Ya Ka Er@c(Jayakar, Pupul)@4著
702  0 @a胡因梦@AHu Yin Meng@c(女,@f1953~)@4译
801    @aCN@bTANGWEI@c20130523
905    @b0835789-92@dB351.5@e17@f4
    
    克里希那穆提传/(印)普普尔·贾亚卡尔(Pupul Jayakar)著/胡因梦译.-深圳:深圳报业集团出版社,2007
    12,488页:照片;23cm
    
    
    ISBN 978-7-80709-128-8:CNY58.00
    本书分为六部分,内容包括:年轻的克里希那穆提、克里希娜穆提、教诲的明朗化、洞见之河、改变的地平线等。
●
相关链接 在E读中查询图书 在五车中查询图书 在当当中查询图书 在豆瓣中查询图书


正题名:克里希那穆提传     索取号:B351.5/17         预约/预借

序号 登录号 条形码 馆藏地/架位号 状态 备注
1 0835789   208357892   第一样本阅览室/ [索取号:B351.5/17] 在馆    
2 0835790   208357909   第一借阅区/ [索取号:B351.5/17] 在馆    
3 0835791   208357918   第一借阅区/ [索取号:B351.5/17] 在馆    
4 0835792   208357927   第一借阅区/ [索取号:B351.5/17] 在馆    
唐山师范学院图书馆 欢迎您!
大连网信软件有限公司© 版权所有